Postavenie Cypru vo svetovom hospodárstve v 21. storočí diplomová práca

Enregistré dans:
Détails bibliographiques
Auteur principal: Dorociaková, Ľubomíra
Collectivité auteur: Obchodná fakulta EU. Katedra medzinárodného obchodu
Autres auteurs: Kosír, Igor
Format: Livre
Langue:slovaque
Publié: Bratislava 2009
Tags: Ajouter un tag
Pas de tags, Soyez le premier à ajouter un tag!

MARC

LEADER 00000nam$a2200000$$$4500
001 0101270
005 20240318133803.2
041 0 |a slo 
044 |a SK 
245 1 0 |a Postavenie Cypru vo svetovom hospodárstve v 21. storočí  |b diplomová práca  |c Ľubomíra Dorociaková ; škol. Igor Kosír 
264 1 |a Bratislava  |c 2009 
300 |a 90 s. 
100 1 |a Dorociaková, Ľubomíra 
700 1 |a Kosír, Igor 
710 2 |a Obchodná fakulta EU. Katedra medzinárodného obchodu